Comportamiento del consumidor y estrategia de marketing/ (Registro nro. 9203)
[ vista simple ]
| 000 -LEADER | |
|---|---|
| fixed length control field | 01868nam a2200217Ia 4500 |
| 005 - FECHA Y HORA DE LA ÚLTIMA TRANSACCIÓN | |
| control field | 20230908082048.0 |
| 008 - FIXED-LENGTH DATA ELEMENTS--GENERAL INFORMATION | |
| fixed length control field | 230906s9999 xx 000 0 und d |
| 020 ## - INTERNATIONAL STANDARD BOOK NUMBER | |
| International Standard Book Number | 9701056329 |
| 040 ## - CATALOGING SOURCE | |
| Original cataloging agency | UPAN |
| Transcribing agency | Biblioteca San Vicente |
| Description conventions | RCAA2 |
| 041 ## - LANGUAGE CODE | |
| Language code of text/sound track or separate title | spa |
| 082 ## - DEWEY DECIMAL CLASSIFICATION NUMBER | |
| Classification number | 658.834 2 |
| Item number | P484c |
| año de publicación | 2006 |
| 100 ## - MAIN ENTRY--PERSONAL NAME | |
| Personal name | Peter, Paul J. |
| Relator code | aut. |
| 245 #0 - TITLE STATEMENT | |
| Title | Comportamiento del consumidor y estrategia de marketing/ |
| Remainder of title | J. Paul Peter |
| 250 ## - EDITION STATEMENT | |
| Edition statement | 7° ed. |
| 260 ## - PUBLICATION, DISTRIBUTION, ETC. (IMPRINT) | |
| Place of publication, distribution, etc | México: |
| Name of publisher, distributor, etc | McGraw Hill, |
| Date of publication, distribution, etc | 2006 |
| 300 ## - PHYSICAL DESCRIPTION | |
| Extent | 578 p.; |
| Dimensions | 27 cm. |
| 505 ## - FORMATTED CONTENTS NOTE | |
| Formatted contents note | Sección 1. Perspectiva del comportamiento del consumidor<br/>1. Introducción al comportamiento del consumidor y estrategias de marketing<br/>2. Marco de referencia para el análisis del consumidor<br/>Sección 2. Afectos y cognición y estrategia de marketing<br/>3. Introducción a los efectos y cognición<br/>4. Conocimiento del producto e involucramiento del consumidor con el producto<br/>5. Atención y comprensión<br/>6. Actitudes e intenciones<br/>7. Toma de decisiones del consumidor <br/>Sección 3. Comportamiento y estrategia de marketing<br/>8. Introducción al comportamiento<br/>9. Procesos de acondicionamiento y aprendizaje<br/>10. Influencia en el comportamiento del consumidor<br/>Sección 4. Ambiente y estrategia de marketing<br/>11. Introducción al ambiente<br/>12. Influencias culturales y transculturales<br/>13. Subcultura y clase social<br/>14. Grupos de referencia y familia<br/>Sección 5. Anàlisis del consumidor y estrategia de marketing<br/>15. Segmentación del mercado y posicionamiento de productos<br/>16. Comportamiento del consumidor y estrategia de producto<br/>17. Comportamiento del consumidor y estrategia de promoción<br/>18. Comportamiento del consumidor y estrategia de precios<br/>19. Comportamiento del consumidor, comercio electrónico y estrategia de canales |
| 650 ## - SUBJECT ADDED ENTRY--TOPICAL TERM | |
| Source of heading or term | LEMB |
| Topical term or geographic name as entry element | Estrategia |
| General subdivision | Mercadeo |
| 700 ## - ADDED ENTRY--PERSONAL NAME | |
| Personal name | Jerry C. Olson |
| Relator code | col. |
| 942 ## - ADDED ENTRY ELEMENTS (KOHA) | |
| Koha item type | Libros |
| Source of classification or shelving scheme | Dewey Decimal Classification |
| Withdrawn status | Lost status | Source of classification or shelving scheme | Damaged status | Not for loan | Collection code | Home library | Current library | Date acquired | Total Checkouts | Full call number | Barcode | Date last seen | Copy number | Price effective from | Koha item type |
|---|---|---|---|---|---|---|---|---|---|---|---|---|---|---|---|
| Dewey Decimal Classification | Colección General | Biblioteca UPAN San Vicente | Biblioteca UPAN San Vicente | 06/09/2023 | 658.834 2 P484c | 12002361 | 06/09/2023 | 01 | 06/09/2023 | Libros | |||||
| Dewey Decimal Classification | Colección General | Biblioteca UPAN San Vicente | Biblioteca UPAN San Vicente | 06/09/2023 | 658.834 2 P484c | 12002360 | 08/09/2023 | 02 | 06/09/2023 | Libros | |||||
| Dewey Decimal Classification | Colección General | Biblioteca UPAN San Vicente | Biblioteca UPAN San Vicente | 06/09/2023 | 658.834 2 P484c | 12002359 | 08/09/2023 | 03 | 06/09/2023 | Libros |